LEADER 01392nam a2200301 a 4500 001 000000125584 003 CaOOAMICUS 005 20110608094300.0 008 110608s2011 it d u000 u ita r 020 $a978-88-13-30852-0 040 $aPUL$bita 082 04$a339.5 100 1 $aDi Pace, Massimiliano.$0(OLS)http://pul/name/79535 245 12$aL'economia e la politica economica :$bla macroeconomia ed i contenuti della politica economica italiana e dell'UE /$cMassimiliano Di Pace ; prefazione di Giovanni Somogyi. 250 $a2. ed. 260 $aPadova :$bCEDAM,$c2011. 300 $aXXVIII, 445 p. :$bgrafici ;$c24 cm 504 $aBibliografia in nota. 610 14$aUnione europea$xPolitica economica.$0(OLS)http://pul/subject/28013 650 4$aPolitica economica$zItalia.$0(OLS)http://pul/subject/18890 850 $aPUL 852 $aPUL$W1$xDP2 Diritto e Scienze Sociali 3$y110$m339. 5 DIPMA 1$j144661$qDDC 21$B143678$CPULBib$Z2$F143678 $H117334 $82 941 1 $a9 996 $6020$a978-88-13-30852-0$9(OLS)http://pul/number/147399 996 $6082$a339.5$9(OLS)http://pul/classification/1791 996 $6245$aL'economia e la politica economica :$bla macroeconomia ed i contenuti della politica economica italiana e dell'UE$9(OLS)http://pul/title/158359 996 $6260$aPadova :$bCEDAM$9(OLS)http://pul/publisher/48126 LEADER 01152nam a2200277 u 4500 001 000000070272 003 CaOOAMICUS 005 20070226122013.0 008 020502s1994 it u000 u ita u 035 $a10928488 040 $aPUL(R)$bita 100 1 $aFrediani, Bruno.$0(OLS)http://pul/name/46756 245 10$aDroga e alcol :$bdipendere o essere protagonisti /$cBruno Frediani. 260 $aAlessandria :$bPiemme,$cc1994. 300 $a158 p. ;$c19 cm 490 1 $aBiblioteca della solidarietà ;$v10 504 $aBibliografia: p. 151-154. 650 4$aDroghe$xAspetti sociali.$0(OLS)http://pul/subject/23255 650 4$aAlcoolismo.$0(OLS)http://pul/subject/22880 830 0$aBiblioteca della solidarietà ;$v10.$0(OLS)http://pul/title/58645 850 $aPUL 852 $aPUL$W1$xDP1 Cons. Gen., Altre Classi 1$y22$m775 F 35$j90928$nBK-PRI$b $qStampati$B90928$CPULBib$Z2$F90928 $H $81 941 1 $a8 960 $aAlcolismo$922880 996 $6245$aDroga e alcol :$bdipendere o essere protagonisti$9(OLS)http://pul/title/92668 996 $6260$aAlessandria :$bPiemme$9(OLS)http://pul/publisher/72988